Weltkultur- und Naturerbe in Deutschland - Statistiken

Allgemein
  • Dieses Quiz wurde 72 mal gespielt
  • Das Durchschnittsergebnis liegt bei 16 aus 46
Antwortstatistiken
Hinweis Antwort % Korrekt
Größte gotische Kathedrale der Welt mit dem Dreikönigsschrein Kölner Dom
88%
In der Trave gelegene Altstadt der einstigen "Königin der Hanse" Lübeck
72%
Von Karl dem Großen errichtete Kirche im äußersten Westen Deutschlands Aachener Dom
70%
Rathaus und Roland dieser immer noch freien Hansestadt an der Weser Bremen
68%
Ort von Luthers Übersetzung des Neuen Testaments ins Deutsche Wartburg
65%
Bedeutender Lebensraum zahlreicher Pflanzen- und Tierarten (Nordsee) Wattenmeer
65%
Die mit dieser Kunstschule verbundenen Gebäude in Bernau, Dessau und Weimar Bauhaus
63%
Die Luthergedenkstätten in Eisleben und dieser anderen Stadt in Sachsen-Anhalt Wittenberg
63%
Ensemble aus fünf Berliner Museen mit Weltgeltung, Ausstellungsort der Nofretete Museumsinsel
60%
Obergermanisch-raetische Teile dieses europäischen Grenzsystems der Römer Limes
58%
Die Altstadt dieses Bischofssitzes in Oberfranken Bamberg
55%
Die historische Wasserwirtschaft in dieser oberschwäbischen Fuggerstadt Augsburg
53%
Dom, Liebfrauenkirche sowie die römischen Bauten dieser alten Stadt Trier
52%
Die Altstädte von Wismar und dieser das Tor nach Rügen bildenden Hansestadt Stralsund
50%
Kontorhausviertel und dieser historische Lagerkomplex in Hamburg Speicherstadt
47%
Von den Hohenzollern angelegte Schlösser und Parks in Berlin und vor allem hier Potsdam
45%
Ehemaliger Bergbaukomplex mit Kokerei in Essen Zeche Zollverein
45%
Die architektonischen Zeugnisse der Kulturepoche der Klassik in dieser Stadt Weimar
42%
Stiftskirche, Schloss und Altstadt dieser Fachwerkstadt am Rande des Harz Quedlinburg
35%
Altstadt und Stadtamhof dieser einstigen Handelsmetropole in der Oberpfalz Regensburg
35%
Oberharzer Wasserwirtschaft, Bergwerk Rammelsberg und Altstadt dieser Stadt Goslar
30%
Zeugnisse prähistorischen Siedelns um die Alpen, z. B. am Bodensee Pfahlbauten
30%
Dom und Michaliskirche dieser Stadt in Niedersachsen Hildesheim
28%
Für ihre Stifterfiguren berühmte Kathedrale im Burgenlandkreis Naumburger Dom
27%
Klosterinsel mit drei bedeutenden Kirchen im Westen des Bodensees Reichenau
27%
Ein bedeutendes ehemaliges Eisenwerk im Saarland Völklinger Hütte
27%
Deutsch-tschechische Bergbauregion mit zahlreichen technischen Denkmälern Erzgebirge
25%
Die Schlösser Augustusburg und Falkenlust in dieser Stadt bei Köln Brühl
23%
Fossilienfundstädte in der Nähe von Darmstadt, einstmals Ölschiefer-Tagebau Grube Messel
23%
Größte romanische Kirche der Welt, Grablege der Salier Speyerer Dom
22%
Karolingisches Westwerk und die Civitas dieses ehemaligen Klosters bei Höxter Corvey
20%
Wahlfahrtskirche im Rokokostil in Steingaden in Oberbayern Wieskirche
20%
Grenzbefestigung Danewerk und diese ehemalige Wikingersiedlung bei Busdorf Haithabu
18%
Prachtvolle Schlossanlage mit Hofgarten in Unterfranken Würzburger Residenz
17%
Zwei Häuser dieses Schweizer Architekten in der Weißenhofsiedlung Stuttgart Le Corbusier
12%
300 Jahre altes Meisterwerk der Gartenkunst mit Wasserspielen in Kassel Bergpark Wilhelmshöhe
10%
Berühmt für seine Torhalle aus der Zeit der Karolinger, nahe Darmstadt Kloster Lorsch
10%
Nach wie vor aktive Schuhleistenfabrik in Alfeld, erbaut von Walter Gropius Fagus-Werk
8%
Landschaftsparks nach englischem Vorbild in Dessau und Wörlitz Gartenreich
8%
Ehemalige Zisterzienserabtei in Württemberg, Schauplatz in "Unterm Rad" Kloster Maulbronn
8%
Sechs Höhlen und Zeugnisse der Eiszeitkunst aus diesem Mittelgebirge Schwäbische Alb
8%
Im Stil des "Neuen Bauens" errichtete Berliner Wohnkomplexe, Siedlungen der... Berliner Moderne
5%
Barocker Theaterbau des 18. Jahrhunderts im oberfränkischen Bayreuth Markgräfliches Opernhaus
5%
Von Fürst Pückler angelegter Landschaftsgarten in Deutschland und Polen Muskauer Park
5%
Romantische Landschaft zwischen Bingen/ Rüdesheim und Koblenz Oberes Mittelrheintal
5%
Deutsche Anteile dieses europäischen Naturerbes, z. B. im Nationalpark Jasmund Alte Buchenwälder
3%
Keine übereinstimmenden Quizze gefunden
Verteilung der Resultate
Anzahl Personen mit jedem Resultat
Perzentil nach korrekt beantworteten Fragen
Ihre Resultats-Entwicklung
Sie haben dieses Quiz noch nicht gespielt